MARC детайли
| 000 -Лидер |
| Контролно поле с фиксирана дължина |
02980nam a2200481 c 4500 |
| 003 - Код на организацията, давaща контролен номер |
| Контролно поле |
BLK |
| 005 - Дата и час на последна редакция |
| Контролно поле |
20240712111659.0 |
| 008 - Елементи от данни с фиксирана дължина |
| fixed length control field |
180410b bul|||||r ||||||| ||bul|| |
| 010 ## - Наследен системен номер |
| LC control number |
KNG00153711000 |
| 020 ## - Международен стандартен номер на книга ISBN |
| Международен стандартен номер на книга ISBN |
978-954-8186-90-2 |
| 040 ## - Източник на каталожния запис |
| Идентификатор на билиотеката - собственик на записа |
BLK |
| 041 ## - Код за език |
| Код за езика на текст/звукозапис или на отделно заглавие |
Български |
| Код за езика КДБФ |
Български |
| 072 #7 - Код за тематичната категория |
| Код организация |
bullib |
| Код за тематична категория |
Н61 |
| Текст |
Медицина Н |
| 080 ## - УДК |
| Текстов определител УДК |
Сън. Сетивни процеси. Обща физиология на възприятието - Теория за съня, физиологична природа на сънищата, хипнотичен сън, подсъзнателно състояние въобще, субективна парапсихология (ясновидство, |
| УДК код - определител по УДК |
612.821.7 |
| УДК определител |
-053.3(035) |
| УДК - код + определител |
612.821.7-053.3(035) |
| 080 ## - УДК |
| Текстов определител УДК |
Разстройства на съзнанието - Кома, колапс, ступор, автоматизъм, бълнуване, сомнамбулизъм, разстройства на съня, летаргия и др. |
| УДК код - определител по УДК |
616.8-009.8 |
| УДК определител |
-053.3(035) |
| УДК - код + определител |
616.8-009.8-053.3(035) |
| 080 ## - УДК |
| Текстов определител УДК |
Хигиена на новородените и на децата от ранната детска възраст (до 2 години) и учрежденията за тях - Отглеждане на детето, грижи за бебето и малкото дете, детски ясли, домове. Вж и 613. 22 - Кърме |
| УДК код - определител по УДК |
613.952/.953 |
| УДК определител |
(035) |
| УДК - код + определител |
613.952/.953(035) |
| 100 1# - Редна дума - Автор |
| Автор |
Джоунс, Марси |
| Авторска отговорност |
първи автор |
| R(LIN) |
329661 |
| 139 ## - Редно поле |
| Редна дума |
Джоунс, Марси и др. |
| Авторски знак |
Джо - Д 52 |
| 245 10 - Сведения за заглавието |
| Заглавие |
Всичко за съня на бебето |
| Подзаглавни данни |
Бързи и лесни отговори на всички ваши въпроси |
| Редно поле (дума) |
Марси Джоунс; съавт. Санди Джоунс; прев. от англ. Теодора Иванова Давидова. |
| 257 ## - Страна на издаване |
| Страна на създаване/издаване |
Съединени американски щати |
| 260 ## - Област на издателските данни |
| Име на издателя, разпространителя и проч. |
Санома Блясък България |
| Година на издаване |
2012 |
| Печатница |
София : Алианс принт |
| 300 ## - Физическа характеристика |
| Страници |
184 с. |
| Размери/Мащаб |
20 см |
| 380 ## - Жанр |
| Жанр |
Медицина |
| 490 1# - СЕРИИ (Колекции) |
| Име на серия |
Библиотека Mami |
| 500 ## - Общи забележки |
| Забележка |
Ориг. загл. Baby sleep guide / Marcie Jones Sandy Jones. - Разпространява се със сп. Моето дете |
| 650 #4 - Допълнително описание по предмет – тема |
| Основно описание – тема или топоним |
Сън - при децата |
| 9 (RLIN) |
329663 |
| 650 #4 - Допълнително описание по предмет – тема |
| Основно описание – тема или топоним |
Сън - физиология и разстройства |
| 9 (RLIN) |
251427 |
| 650 #4 - Допълнително описание по предмет – тема |
| Основно описание – тема или топоним |
Кърмачета - грижи и хигиена - наръчници и ръководства |
| 9 (RLIN) |
242393 |
| 653 ## - Ключова дума – ненормативна |
| Ключова дума |
новородени |
| 653 ## - Ключова дума – ненормативна |
| Ключова дума |
сън |
| 653 ## - Ключова дума – ненормативна |
| Ключова дума |
дневен режим |
| 659 ## - Тематичен бюлетин |
| Тематичен бюлетин |
Н |
| 700 1# - Други автори (авторска отговорност) |
| Лично име |
Джоунс, Санди |
| Автороска отговорност (Описва отношението между автора и произведението) |
съавт. |
| 9 (RLIN) |
329662 |
| 700 ## - Други автори (авторска отговорност) |
| Лично име |
Давидова, Теодора Иванова |
| Дати, свързани с автора |
1947- |
| 9 (RLIN) |
366021 |
| 852 ## - Местоположение |
| Форматна сигнатура |
Цб 266656 |
| Фондова буква |
Хранилище |
| 852 ## - Местоположение |
| Фондова буква |
Заемна - подръчен фонд |
| Систематично-азбучна сигнатура |
612.8/Д 52 М |
| 856 4# - Електронен адрес и достъп |
| Електронен формат |
pdf - файл |
| 856 4# - Електронен адрес и достъп |
| Електронен формат |
pdf - файл |
| 942 ## - АРТИКУЛИ |
| Вид на библиотечния материал |
Книги |
| Скрит в OPAC |
Не |
| 944 ## - СЪЗДАВАНЕ И РЕДАКЦИЯ на ЗАПИСА |
| Създаване/Редакция |
Създаване |
| Дата на регистрацията/редакция |
25.11.2013 |
| Служител, извършил регистрацията/редакцията |
30570 |
| Статус, дата на статуса |
Моника Янева |
| 944 ## - СЪЗДАВАНЕ И РЕДАКЦИЯ на ЗАПИСА |
| Създаване/Редакция |
Редакция |
| Дата на регистрацията/редакция |
22.08.2014 |
| 944 ## - СЪЗДАВАНЕ И РЕДАКЦИЯ на ЗАПИСА |
| Създаване/Редакция |
Редакция |
| Служител, извършил регистрацията/редакцията |
М.Я. |
| 999 ## - СИСТЕМНИ КОНТРОЛНИ НОМЕРА |
| Koha biblionumber |
147498 |
| Koha biblioitemnumber |
147498 |